000 00759nam a22002057a 4500
003 JO-AjAnu
005 20240326133014.0
008 240325b jo ||||| |||| 00| 0 ara d
020 _a5-748-24-9957-978
040 _aJO-AjAnu
_bARA
_cJO-AjAnu
041 0 _aara
050 _aHF5546.H37
_b 2015
100 1 _aالحريري، محمد سرور
_945644
_eمؤلف
245 0 _aطرق واستراتيجيات تنمية وتطوير الموارد البشرية /
_c محمد سرور الحريري
250 _aالطبعة الثانية
260 _aعمان :
_bدار صفاء للنشر والتوزيع،
_c2015
300 _a208 صفحة
650 _bتطوير الموارد البشرية-استراتيجيات
942 _2lcc
_cBK
_n0
999 _c33345
_d33345